| 000 | 00518nam a2200193Ia 4500 | ||
|---|---|---|---|
| 005 | 20230518095838.0 | ||
| 008 | 131103s9999 xx 000 0 und d | ||
| 020 |
_a140128441 _cRs.150 |
||
| 040 | _aLoreto College | ||
| 041 | _aEnglish | ||
| 082 |
_a823.91 _bNAR |
||
| 100 | _aNarayan,R.K | ||
| 245 | 2 |
_aA Story - Teller's World _cR.K.Narayan;with an introduction by Syd Harrex |
|
| 260 |
_aNew Delhi _bPenguin Books _c1989 |
||
| 300 | _a142 p. | ||
| 650 | _aFiction in English | ||
| 850 | _aLCLIB | ||
| 942 | _cBK | ||
| 999 |
_c16724 _d67203 |
||